| 000 | 00510nam a2200181Ia 4500 | ||
|---|---|---|---|
| 001 | 3175 | ||
| 005 | 20260306144901.0 | ||
| 008 | 260306t2011||||xx |||||||||||||| ||spa|| | ||
| 041 | _aESP | ||
| 082 |
_a261.8 _bG26 |
||
| 100 |
_aGarreaud Indacochea, Emilio _eAUT |
||
| 245 | 0 |
_aEducación,doctrina social de la iglesia y solidarismo: _buna experiencia en una finca bananera de Costa Rica |
|
| 260 | _c2011 | ||
| 300 |
_a280 páginas : _c24 cm. |
||
| 650 | _aGEN | ||
| 654 | _aCHU | ||
| 942 |
_cLIB _dJUS _fJUS _2ddc _n |
||
| 999 |
_c3175 _d3175 |
||